000
00210 a2200097 4500
001
9565
100
_a
Cyster, R
245
_a
A First Course Hygiene
260
_a
_b
University Tutorial
_c
090
_c
7606
_d
7606
942
_a
NUST-CAE
_c
M
_c
34274
999
_c
244638
_d
244638